The extended phenotype : the gene as the unit of selection
Αποθηκεύτηκε σε:
| Κύριος συγγραφέας: | |
|---|---|
| Μορφή: | Βιβλίο |
| Γλώσσα: | English |
| Δημοσίευση: |
Oxford :
W.H.Freeman,
1982
|
| Θέματα: | |
| Ετικέτες: |
Προσθήκη ετικέτας
Δεν υπάρχουν, Καταχωρήστε ετικέτα πρώτοι!
|
MARC
| LEADER | 00000nam a2200000 i 4500 | ||
|---|---|---|---|
| 001 | 1/74152 | ||
| 008 | 960725s1982 eng d | ||
| 020 | |a 0-7167-1358-6 | ||
| 035 | |a 1986 |c Αγορά |l 10031718 | ||
| 040 | |a GR-MY-UA |b gre |e aacr | ||
| 041 | 0 | |a eng | |
| 082 | 0 | |a 575 | |
| 100 | 1 | |a Dawkins, Richard, |d 1941- | |
| 245 | 1 | 4 | |a The extended phenotype : |b the gene as the unit of selection / |c Richard Dawkins |
| 260 | |a Oxford : |b W.H.Freeman, |c 1982 | ||
| 300 | |a 307 σ.; |c 24 εκ. | ||
| 650 | 0 | 0 | |a Natural selection. |
| 650 | 0 | 0 | |a Gene expression. |
| 650 | 0 | 0 | |a Genetics. |
| 650 | 0 | 0 | |a Evolution. |
| 852 | |a INST |b RHODES |e 19960725 |h 575 DAW |p 005400001173 |q 005400001173 |t BK |y 0 | ||
| 909 | |a Ρ |b 004915 |c 1986 | ||